Dos modelos diferenciados de configuración institucional bajo el impacto de la evaluación externa : la UAM-A y la UIA /
Trabajo de investigación sobre el cambio institucional que realizaron la Universidad Autónoma Metropolitana Azcapotzalco (pública) y la Universidad Iberoamericana plantel Santa Fe (privada) ante la estrategia gubernamental de evaluación orientada a mejorar la calidad educativa de la educación superi...
Tallennettuna:
| Päätekijä: | |
|---|---|
| Aineistotyyppi: | Kirja |
| Kieli: | espanja |
| Julkaistu: |
México :
ANUIES,
2004, c2004
|
| Sarja: | (Biblioteca de la Educación Superior. Estudios)
|
| Aiheet: | |
| Tagit: |
Ei tageja, Lisää ensimmäinen tagi!
|
MARC
| LEADER | 00000nam^a2200000^a^4500 | ||
|---|---|---|---|
| 001 | 000183902 | ||
| 005 | 20250521000000.0 | ||
| 009 | 20260310102058.134 | ||
| 020 | |a 970-704-080-7 | ||
| 037 | |a Acervo ITESO - Biblioteca | ||
| 041 | |a ESP | ||
| 082 | |a 378. 161097253 |b CAS | ||
| 100 | |a Castillo Alemán, Gloria del |e (autor) | ||
| 245 | 1 | 0 | |a Dos modelos diferenciados de configuración institucional bajo el impacto de la evaluación externa : |b la UAM-A y la UIA / |c G. del Castillo Alemán. |
| 264 | 4 | |a México : |b ANUIES, |c 2004, c2004 | |
| 300 | |a 247 p. | ||
| 336 | |a texto |b txt |2 rdacontenido | ||
| 337 | |a sin mediación |b n |2 rdamedio | ||
| 338 | |a volumen |b nc |2 rdasoporte | ||
| 440 | 1 | |a (Biblioteca de la Educación Superior. |p Estudios) | |
| 520 | |a Trabajo de investigación sobre el cambio institucional que realizaron la Universidad Autónoma Metropolitana Azcapotzalco (pública) y la Universidad Iberoamericana plantel Santa Fe (privada) ante la estrategia gubernamental de evaluación orientada a mejorar la calidad educativa de la educación superior en México. Esta obra fue ganadora del Premio ANUIES 2004 a la mejor tesis de doctorado. | ||
| 649 | |a XX | ||
| 650 | |a Universidad Autónoma Metropolitana - |x Estudios de Caso | ||
| 650 | |a Universidad Iberoamericana - |z México (Ciudad) - |x Estudios de Caso | ||
| 650 | |a Universidades Públicas - |z México - |x Evaluación | ||
| 650 | |a Universidades Privadas - |z México - |x Evaluación | ||
| 650 | |a Evaluación Institucional - |z México | ||
| 650 | |a Evaluación Educativa - |z México | ||
| 650 | |a Cambio Organizacional - |z México | ||
| 650 | |a Reforma Universitaria - |z México | ||
| 650 | |a Calidad de la Educación - |z México | ||
| 650 | |a Educación Superior - |z México - |x Evaluación | ||
| 650 | |a Educación y Estado - |z México | ||
| 650 | |a Educación - |z México | ||
| 910 | |a Fondo General | ||
| 920 | |a Impresos - Libros | ||
| 930 | |a Colección General | ||
| 905 | |a 101 | ||
| 901 | |a 0500124618 |b IT1 |c ACC |u 20250521 | ||
| 902 | |a https://opac.biblio.iteso.mx/vufind/Record/000183902 | ||